El denominado impuesto de igualación (Registro nro. 14783)

Detalles MARC
000 -LEADER
fixed length control field 00348 a2200121 4500
001 - CONTROL NUMBER
control field ART_18061
005 - DATE AND TIME OF LATEST TRANSACTION
control field 20260410161657.0
008 - FIXED-LENGTH DATA ELEMENTS--GENERAL INFORMATION
fixed length control field 260409a
100 1# - MAIN ENTRY--PERSONAL NAME
Personal name Oklander, Juan
245 10 - TITLE STATEMENT
Title El denominado impuesto de igualación
700 1# - ADDED ENTRY--PERSONAL NAME
Personal name Cortés, Cristobal
773 0# - HOST ITEM ENTRY
Title Práctica profesional
Related parts - Nº 132 (dic. 2010)
Record control number REV542

No hay ítems disponibles.